Tuyển tập công trình khoa học công nghệ 1993- 1997

Tuyển tập sưu tập hầu hết các công trình nghiên cứu khoa học công nghệ trong các năm 1993 - 1997 của các cán bộ Trường Đại học Cần Thơ, bao gồm các ngành nông học, chế biến và y khoa.

Bewaard in:
Bibliografische gegevens
Formaat: Boek
Taal:Undetermined
Gepubliceerd in: Cần Thơ Trường Đại học Cần Thơ 1997
Onderwerpen:
Tags: Voeg label toe
Geen labels, Wees de eerste die dit record labelt!
Thư viện lưu trữ: Trung tâm Học liệu Trường Đại học Cần Thơ
LEADER 00770nam a2200169Ia 4500
001 CTU_122724
008 210402s9999 xx 000 0 und d
082 |a 630 
082 |b T527/P.2 
245 0 |a Tuyển tập công trình khoa học công nghệ 1993- 1997 
260 |a Cần Thơ 
260 |b Trường Đại học Cần Thơ 
260 |c 1997 
520 |a Tuyển tập sưu tập hầu hết các công trình nghiên cứu khoa học công nghệ trong các năm 1993 - 1997 của các cán bộ Trường Đại học Cần Thơ, bao gồm các ngành nông học, chế biến và y khoa. 
650 |a Agriculture 
904 |i M.Loan 
980 |a Trung tâm Học liệu Trường Đại học Cần Thơ